Organizational behavior (Record no. 396943)

MARC details
000 -LEADER
fixed length control field 00542 a2200217 4500
005 - DATE & TIME
control field 20260406102151.0
008 - FIXED-LENGTH DATA ELEMENTS--GENERAL INFORMATION
fixed length control field 260406b |||||||| |||| 00| 0 eng d
020 ## - ISBN
International Standard Book Number 9789356064270
Price Rs. 1180.00
040 ## - CATALOGING SOURCE
Original cataloging agency VIVEKANANDA LIBRARY
082 ## - DDC NUMBER
Classification number 658.4
Book Number R534O(18)
100 ## - MAIN ENTRY--PERSONAL NAME
Personal name Robbins, Stephen P
245 ## - TITLE STATEMENT
Title Organizational behavior
250 ## - EDITION STATEMENT
Edition statement 18th
260 ## - PUBLICATION, DISTRIBUTION, ETC. (IMPRINT)
Name of publisher, distributor, etc Pearson India
Place of publication, distribution, etc Noida
Date of publication, distribution, etc 2025
300 ## - PHYSICAL DESCRIPTION
Pages 796
650 ## - Subject
Subject Management
650 ## - Subject
Subject Employee Motivation
700 ## - Added Entry Personal Name
Added Entry Personal Name Judge, Timothy A
700 ## - Added Entry Personal Name
Added Entry Personal Name Vohra, Neharika
942 ## - ADDED ENTRY ELEMENTS (KOHA)
Koha item type Books
Holdings
Withdrawn status Lost status Source of classification or shelving scheme Damaged status Not for loan Location (home branch) Sublocation or collection (holding branch) Shelving location Date acquired Koha issues (times borrowed) Koha full call number Accession No. Koha date last seen Koha item type
    Dewey Decimal Classification     VIVEKANANDA LIBRARY VIVEKANANDA LIBRARY IMSAR Library 30/03/2026   658.4 R534O(18) 421084 30/03/2026 Books
    Dewey Decimal Classification     VIVEKANANDA LIBRARY VIVEKANANDA LIBRARY IMSAR Library 30/03/2026   658.4 R534O(18) 421085 30/03/2026 Books
    Dewey Decimal Classification     VIVEKANANDA LIBRARY VIVEKANANDA LIBRARY IMSAR Library 30/03/2026   658.4 R534O(18) 421087 30/03/2026 Books
    Dewey Decimal Classification     VIVEKANANDA LIBRARY VIVEKANANDA LIBRARY IMSAR Library 30/03/2026   658.4 R534O(18) 421083 30/03/2026 Books
    Dewey Decimal Classification     VIVEKANANDA LIBRARY VIVEKANANDA LIBRARY IMSAR Library 30/03/2026   658.4 R534O(18) 421086 30/03/2026 Books
© Designed and Maintained by Vivekananda Library, MDU Rohtak